000 00799nam a22002417a 4500
999 _c11161
_d11161
003 AR-CdUCM
008 190403b ||||| |||| 00| 0 spa d
040 _aMUNICIPALIDAD PROVINCIAL DEL CUSCO
_cBIBLIOTECA MUNICIPAL DEL CUSCO
082 _a869.56 /
_bH46L / 1945
100 _aHerrera G., Enriqueta
_917583
245 _aLeyendas y fábulas peruanas /
260 _bImpr. del Ministerio de Guerra,
_c1945.
300 _a113 páginas ;
_bilustraciones, láminas,
_c24 cm.
505 _aContenido: Leyendas -- Fábulas
650 _aLeyendas
_92226
650 _aFábulas Peruanas
_928369
650 _aLiteratura Peruana
_9132
650 _aÉpoca Prehispánica
_92714
700 _aCisneros, Paco
_928370
700 _aCecilia (ilustración)
_928371
942 _2ddc
_cLIBROS
945 _aachl